Sports Quiz

Random Sports or WWE Quiz

WWE NXT Special participants Quiz Stats

 Plays Quiz not verified by Sporcle

Score 0/200 Timer 08:00
1 Play Today
Event Wrestler % Correct
NXT ArrivalSami Zayn
95.3%
NXT Takeover: R EvolutionSami Zayn
95.2%
NXT TakeoverSami Zayn
95.2%
NXT Takeover: Fatal 4 WaySami Zayn
95.2%
NXT Takeover: RivalSami Zayn
95.1%
NXT TakeOver: UnstoppableSami Zayn
94.7%
NXT TakeOver: DallasSami Zayn
94.3%
NXT Takeover: R EvolutionCharlotte
93.6%
NXT TakeOver: BrooklynSasha Banks
93.6%
NXT TakeoverCharlotte
93.6%
NXT Takeover: Fatal 4 WayCharlotte
93.6%
NXT ArrivalAdrian Neville
93.5%
NXT TakeoverAdrian Neville
93.5%
NXT Takeover: Fatal 4 WayAdrian Neville
93.5%
NXT Takeover: R EvolutionAdrian Neville
93.5%
NXT TakeOver: UnstoppableCharlotte
93.5%
NXT Takeover: RivalCharlotte
93.4%
NXT Takeover: RivalAdrian Neville
93.4%
NXT TakeOver: UnstoppableSasha Banks
93.2%
NXT TakeOver: UnstoppableKevin Owens
93.2%
NXT TakeOver: BrooklynKevin Owens
93.1%
NXT TakeOver: BrooklynBayley
93%
NXT TakeOver: RespectBayley
93%
NXT Takeover: RivalKevin Owens
93%
NXT TakeOver: RespectSasha Banks
93%
NXT TakeOver: RespectSamoa Joe
92.9%
NXT TakeOver: RespectSamoa Joe
92.9%
NXT TakeOver: BrooklynFinn Bálor
92.9%
NXT TakeOver: LondonBayley
92.9%
NXT TakeOver: BrooklynSamoa Joe
92.8%
NXT Takeover: R EvolutionKevin Owens
92.8%
NXT TakeOver: LondonSamoa Joe
92.7%
NXT TakeOver: RespectFinn Bálor
92.7%
NXT TakeOver: RespectFinn Bálor
92.7%
NXT TakeOver: DallasSamoa Joe
92.6%
NXT TakeOver: UnstoppableFinn Bálor
92.6%
NXT TakeOver: LondonFinn Bálor
92.5%
NXT TakeOver: DallasBayley
92.4%
NXT TakeOver: UnstoppableBayley
92.3%
NXT TakeOver: The EndSamoa Joe
92%
NXT TakeOver: DallasFinn Bálor
92%
NXT Takeover: RivalSasha Banks
92%
NXT TakeOver: Brooklyn IIBayley
91.9%
NXT Takeover: R EvolutionSasha Banks
91.8%
NXT TakeOver: The EndFinn Bálor
91.4%
NXT TakeOver: Brooklyn IISamoa Joe
91.3%
NXT Takeover: RivalFinn Bálor
91.3%
NXT Takeover: R EvolutionFinn Bálor
91.1%
NXT TakeOver: TorontoSamoa Joe
90.1%
NXT TakeOver: The EndShinsuke Nakamura
90.1%
NXT TakeOver: Brooklyn IIShinsuke Nakamura
90.1%
NXT TakeOver: DallasShinsuke Nakamura
89.8%
NXT TakeOver: TorontoShinsuke Nakamura
89.3%
NXT TakeOver: San AntonioShinsuke Nakamura
89.3%
NXT TakeOver: DallasAsuka
89.1%
NXT TakeOver: The EndAsuka
89.1%
NXT Takeover: RivalBayley
89%
NXT TakeOver: Brooklyn IIAsuka
88.9%
NXT Takeover: Fatal 4 WayBayley
88.7%
NXT TakeOver: LondonAsuka
88.4%
NXT TakeOver: TorontoAsuka
88.3%
NXT TakeOver: San AntonioAsuka
88.3%
NXT TakeOver: RespectAsuka
87.8%
NXT TakeOver: UnstoppableBecky Lynch
86.4%
NXT TakeOver: TorontoBobby Roode
86.3%
NXT TakeOver: San AntonioBobby Roode
86.3%
NXT TakeOver: Brooklyn IIBobby Roode
86%
Event Wrestler % Correct
NXT TakeOver: DallasScott Dawson
85.2%
NXT TakeOver: The EndScott Dawson
85.2%
NXT TakeOver: Brooklyn IIScott Dawson
85.1%
NXT TakeOver: Brooklyn IIDash Wilder
85.1%
NXT TakeOver: LondonScott Dawson
85.1%
NXT TakeOver: DallasDash Wilder
85%
NXT TakeOver: The EndDash Wilder
84.9%
NXT TakeOver: LondonDash Wilder
84.8%
NXT ArrivalViktor
84.8%
NXT TakeoverViktor
84.8%
NXT Takeover: Fatal 4 WayViktor
84.8%
NXT Takeover: R EvolutionViktor
84.7%
NXT TakeOver: RespectScott Dawson
84.6%
NXT ArrivalTyler Breeze
84.3%
NXT TakeoverTyler Breeze
84.3%
NXT Takeover: Fatal 4 WayTyler Breeze
84.3%
NXT TakeOver: RespectDash Wilder
84.2%
NXT Takeover: RivalTyler Breeze
84.1%
NXT ArrivalKonnor
84.1%
NXT TakeoverKonnor
84.1%
NXT Takeover: Fatal 4 WayKonnor
84.1%
NXT Takeover: R EvolutionKonnor
84.1%
NXT TakeOver: UnstoppableTyler Breeze
84%
NXT TakeOver: TorontoScott Dawson
83.7%
NXT TakeOver: BrooklynTyler Breeze
83.6%
NXT TakeOver: TorontoDash Wilder
83.6%
NXT TakeOver: TorontoJohnny Gargano
83.5%
NXT TakeOver: San AntonioJohnny Gargano
83.5%
NXT TakeOver: RespectTyler Breeze
83.2%
NXT TakeOver: TorontoTommaso Ciampa
82.8%
NXT TakeOver: San AntonioTommaso Ciampa
82.8%
NXT ArrivalPaige
82.8%
NXT TakeOver: TorontoRezar
82.5%
NXT TakeOver: San AntonioRezar
82.5%
NXT TakeOver: TorontoAkam
82.4%
NXT TakeOver: San AntonioAkam
82.4%
NXT ArrivalBo Dallas
82.4%
NXT TakeOver: Brooklyn IIJohnny Gargano
82.2%
NXT Takeover: RivalBecky Lynch
82.1%
NXT TakeOver: Brooklyn IITommaso Ciampa
81.5%
NXT Takeover: Fatal 4 WaySin Cara
81.3%
NXT Takeover: R EvolutionSin Cara
81.3%
NXT Takeover: RivalSin Cara
80.9%
NXT TakeOver: BrooklynBaron Corbin
80.5%
NXT Takeover: R EvolutionKalisto
80.4%
NXT Takeover: Fatal 4 WayKalisto
80.4%
NXT TakeoverKalisto
80.4%
NXT TakeOver: RespectBaron Corbin
80.2%
NXT TakeOver: RespectBaron Corbin
80.2%
NXT Takeover: RivalKalisto
80.1%
NXT TakeOver: UnstoppableBaron Corbin
80.1%
NXT TakeOver: LondonBaron Corbin
79.4%
NXT TakeOver: RespectChad Gable
79.1%
NXT TakeOver: RespectJason Jordan
79%
NXT TakeOver: DallasChad Gable
79%
NXT TakeOver: DallasJason Jordan
78.9%
NXT TakeOver: UnstoppableColin Cassady
78.5%
NXT TakeOver: UnstoppableEnzo Amore
78.4%
NXT Takeover: RivalBaron Corbin
78.4%
NXT TakeOver: DallasBaron Corbin
78.3%
NXT TakeOver: LondonColin Cassady
78.3%
NXT TakeOver: UnstoppableEmma
78.2%
NXT Takeover: R EvolutionBaron Corbin
78.2%
NXT Takeover: Fatal 4 WayBaron Corbin
78.1%
NXT TakeOver: LondonEnzo Amore
78.1%
NXT TakeoverTyson Kidd
77.9%
NXT Takeover: Fatal 4 WayTyson Kidd
77.9%
Event Wrestler % Correct
NXT TakeOver: LondonNia Jax
77.6%
NXT TakeOver: BrooklynAiden English
77.5%
NXT TakeOver: The EndChad Gable
77.5%
NXT ArrivalCesaro
77.4%
NXT TakeOver: The EndJason Jordan
77.4%
NXT TakeOver: BrooklynSimon Gotch
77.2%
NXT TakeOver: LondonEmma
76.9%
NXT ArrivalEmma
75.8%
NXT TakeOver: UnstoppableMurphy
75.1%
NXT TakeOver: BrooklynMurphy
75.1%
NXT Takeover: R EvolutionHideo Itami
74.9%
NXT Takeover: RivalHideo Itami
74.6%
NXT TakeOver: UnstoppableBlake
74%
NXT TakeOver: BrooklynBlake
73.9%
NXT Takeover: R EvolutionAiden English
72.1%
NXT TakeOver: San AntonioPeyton Royce
72.1%
NXT TakeOver: Brooklyn IIEmber Moon
72.1%
NXT Takeover: RivalBuddy Murphy
72%
NXT TakeOver: The EndNia Jax
71.6%
NXT Takeover: R EvolutionSimon Gotch
71.4%
NXT TakeoverNatalya
70.1%
NXT TakeOver: The EndTye Dillinger
70.1%
NXT Takeover: RivalWesley Blake
70%
NXT TakeOver: San AntonioNikki Cross
69.9%
NXT TakeOver: UnstoppableRhyno
69.6%
NXT TakeOver: DallasAustin Aries
69.5%
NXT TakeOver: BrooklynTye Dillinger
68.9%
NXT TakeOver: San AntonioBillie Kay
68.7%
NXT TakeOver: RespectRhyno
68.7%
NXT TakeOver: RespectRhyno
68.7%
NXT Takeover: Fatal 4 WayEnzo Amore
68.7%
NXT TakeOver: San AntonioEric Young
68%
NXT TakeOver: The EndAustin Aries
67.1%
NXT TakeOver: Brooklyn IIBillie Kay
66.5%
NXT TakeOver: BrooklynApollo Crews
66.4%
NXT TakeOver: RespectApollo Crews
66%
NXT TakeOver: TorontoTye Dillinger
65.5%
NXT TakeOver: San AntonioTye Dillinger
65.5%
NXT TakeOver: LondonApollo Crews
64.9%
NXT TakeOver: BrooklynJushin Liger
64.1%
NXT TakeOver: Brooklyn IIAustin Aries
63.5%
NXT TakeOver: UnstoppableDana Brooke
63.4%
NXT TakeOver: Brooklyn IIAndrade Almas
63.2%
NXT TakeOver: RespectDana Brooke
62.9%
NXT TakeOver: The EndAndrade Almas
62.4%
NXT TakeOver: San AntonioAndrade Almas
61.5%
NXT Takeover: Fatal 4 WayBull Dempsey
61.1%
NXT Takeover: R EvolutionCJ Parker
61%
NXT ArrivalCJ Parker
60.9%
NXT Takeover: Fatal 4 WayCJ Parker
60.9%
NXT Takeover: RivalBull Dempsey
60.7%
NXT TakeOver: TorontoMickie James
60.3%
NXT TakeOver: Brooklyn IINo Way Jose
56.6%
NXT Takeover: R EvolutionTye Dillinger
55.6%
NXT TakeOver: TorontoNick Miller
55%
NXT TakeOver: TorontoShane Thorne
54.5%
NXT TakeOver: San AntonioRoderick Strong
49.5%
NXT ArrivalMojo Rawley
47.4%
NXT Takeover: Fatal 4 WayMojo Rawley
47.4%
NXT ArrivalScotty 2 Hotty
44.8%
NXT ArrivalGrandmaster Sexay
44.3%
NXT TakeoverEl Local
40.3%
NXT TakeoverAdam Rose
38.7%
NXT ArrivalXavier Woods
38%
NXT Takeover: Fatal 4 WaySylvester Lefort
35.6%
NXT TakeoverCamacho
25.5%

You're not logged in!

Compare scores with friends on all Sporcle quizzes.
OR
Log In

Sporcle TV

Today on Sporcle TV


Watch our educational content, quiz creation guides, and fun videos on Sporcle TV.

Show Comments

Extras

Top Quizzes Today


Score Distribution

Your Account Isn't Verified!

In order to create a playlist on Sporcle, you need to verify the email address you used during registration. Go to your Sporcle Settings to finish the process.

Report this User

Report this user for behavior that violates our Community Guidelines.

Details: